| 000 | 00859nam a2200265Ia 4500 | ||
|---|---|---|---|
| 003 | OSt | ||
| 005 | 20220918222008.0 | ||
| 006 | a|||||r|||| 00| 0 | ||
| 007 | ta | ||
| 008 | 220917b |||||||| |||| 00| 0 eng d | ||
| 024 | _a214,218 | ||
| 037 | _cTextual | ||
| 040 |
_aARTS _cARTS _beng |
||
| 041 |
_2eng _aeng |
||
| 082 | _aY:351k49G, P3(FAL/RR) | ||
| 100 |
_aMills Margaret A. Ed. _9141926 |
||
| 245 | 0 |
_aSouth Asian folklore an encyclopedia _b Afganistan, Bangladesh, India, Nepal , Pakistan, Sri Lanka |
|
| 260 |
_aRoutledge _bLondon _c2003 |
||
| 300 |
_axxix, 710 p _ccm. |
||
| 650 | _aSOCIOLOGY | ||
| 700 |
_a Claus Peter J. Ed. _910966 |
||
| 700 |
_a Diamond Sarah Ed. _9141927 |
||
| 942 |
_hY:351k49G, P3(FAL/RR) _cTEXL _2CC |
||
| 999 |
_c274243 _d274243 |
||